Central Library OPAC University of Rajshahi
Normal view MARC view

Entry Topical Term

Number of records used in: 2

001 - CONTROL NUMBER

  • control field: 3051

003 - CONTROL NUMBER IDENTIFIER

  • control field: BD-RjUL

005 - DATE AND TIME OF LATEST TRANSACTION

  • control field: 20220518123341.0

008 - FIXED-LENGTH DATA ELEMENTS

  • fixed length control field: 220518|| aca||aabn | a|a d

040 ## - CATALOGING SOURCE

  • Original cataloging agency: BD-RjUL
  • Transcribing agency: BD-RjUL

150 ## - HEADING--TOPICAL TERM

  • Topical term or geographic name entry element: Differential equations

670 ## - SOURCE DATA FOUND

  • Source citation: Work cat.: (BD-RjUL)79812: Ayres, Frank, 1901-1994 3050, Schaum's outline of theory and problems of differential equations /, 1952.